000 00837nam a22002297a 4500
008 181129b xxu||||| |||| 00| 0 eng d
020 _a9781256403395
020 _a1256403393
050 _aPE1411
_b.B34 2012
245 _aBaker college composition:
_ba custom approch
250 _arevised edition
260 _aNew York:
_bPearson Learning Solutions,
_c2012
300 _axvi, 1003p.
_bill. ;
_c26cm.
610 _bCollege Entrance Examination Board.
_tCollege-Level Examination Program.
650 _aEnglish language
_vStudy guides.
_xRhetoric
_xExaminations
650 _aReport writing
_vStudy guides.
_xExaminations
650 _aEnglish composition test.
650 _aCollege-level examinations
_vStudy guides.
655 _2fast|0(OCoLC)fst01423888.
_bStudy guides.
710 _aBaker College
942 _2lcc
_cBK
999 _c53857
_d53857